Comparative organellography of the cytoplasm (Record no. 27154)

MARC details
000 -LEADER
fixed length control field 00454nam a2200169Ia 4500
082 ## - DEWEY DECIMAL CLASSIFICATION NUMBER
Classification number 576.311.3
Item number FRE
100 ## - MAIN ENTRY--AUTHOR NAME
Personal name Frey-Wyssling, A
245 #0 - TITLE STATEMENT
Title Comparative organellography of the cytoplasm
260 ## - PUBLICATION, DISTRIBUTION, ETC. (IMPRINT)
Place of publication New York
Name of publisher Springer Verlag
Year of publication 1973
490 ## - SERIES STATEMENT
Series statement Protoplasmatologia
650 ## - SUBJECT ADDED ENTRY--TOPICAL TERM
Topical Term Cytoplasm
650 ## - SUBJECT ADDED ENTRY--TOPICAL TERM
Topical Term Golgi apparatus
650 ## - SUBJECT ADDED ENTRY--TOPICAL TERM
Topical Term Microtubules
650 ## - SUBJECT ADDED ENTRY--TOPICAL TERM
Topical Term Organellography
942 ## - ADDED ENTRY ELEMENTS (KOHA)
Koha item type Books
Holdings
Withdrawn status Lost status Damaged status Not for loan Home library Current library Date acquired Full call number Accession Number Koha item type
        RRII Library RRII Library 16/12/2021 576.311.3 FRE 07783 Books